| 000 | 00584nam a2200181 i 4500 | ||
|---|---|---|---|
| 001 | 21050 | ||
| 003 | ES-MaACL | ||
| 005 | 20251014063049.0 | ||
| 007 | t| | ||
| 008 | 021120s1881 sp ||||1| spa d | ||
| 100 | 1 |
_aAgacino y Martínez, Eugenio, _d1851-1924 _918526 |
|
| 245 | 1 | 0 |
_aManual de procedimientos para las Comandancias de Marina / _cEugenio Againo y Martínez. |
| 260 |
_aMadrid : _bPedro Abienzo, _c1881. |
||
| 300 |
_aXVIII, 360 p. ; _c22 cm. |
||
| 650 | 4 |
_aMarina de guerra- _zEspaña- _yS.XIX. _914783 |
|
| 852 |
_aES-MaACL _jG-14375 |
||
| 999 |
_c21050 _d21050 |
||